| 000 | 00526nam a22001937a 4500 | ||
|---|---|---|---|
| 003 | KOHA_MİRAKIL | ||
| 005 | 20251107130749.0 | ||
| 008 | 251107b tu ||||| |||| 00| 0 tur d | ||
| 020 | _a9786053758914 | ||
| 040 |
_aTR-AnABB _btur _cTR-AnABB |
||
| 041 | _atur | ||
| 082 |
_a828.3354 _bMAL 2022 |
||
| 100 | 1 | _aMalerman, Josh, | |
| 245 | 1 | 0 |
_aKafes / _cJosh Malerman |
| 260 |
_aİstanbul : _bİthaki Yayınları, _c2022 |
||
| 300 |
_a306 sayfa ; _c21 cm |
||
| 650 | 0 | 4 | _aAmerikan edebiyatı, roman |
| 942 |
_2ddc _cBK |
||
| 999 |
_c9292 _d9292 |
||
| 900 | _bGizem YORULMAZ | ||